Desarrollo del pensamiento crítico reflexivo a través de la enseñanza de la historia en Benguela (Record no. 200278)

MARC details
000 -CABECERA
campo de control de longitud fija 02467nab a2200313 a 4500
005 - FECHA Y HORA DE LA ÚLTIMA TRANSACCIÓN
campo de control 20240530063756.0
008 - ELEMENTOS DE LONGITUD FIJA--INFORMACIÓN GENERAL
campo de control de longitud fija 991125c2018 sp fr p o 000 0 spa d
035 ## - NÚMERO DE CONTROL DEL SISTEMA
Número de control de sistema UPN01000228183
040 ## - FUENTE DE LA CATALOGACIÓN
Centro catalogador/agencia de origen UPN
Lengua de catalogación spa
Centro/agencia transcriptor UPN
Normas de descripción aacr2
049 ## - COLECCIÓN
Colección ART-E
100 1# - ASIENTO PRINCIPAL--NOMBRE PERSONAL
Nombre de persona Luís Wafunga, Âurea Augusto
Enlace - aritaluis@hotmail.com
100 1# - ASIENTO PRINCIPAL--NOMBRE PERSONAL
Nombre de persona Rodríguez García, Antonio Manuel
100 1# - ASIENTO PRINCIPAL--NOMBRE PERSONAL
Nombre de persona Fuentes Cabrera, Arturo
245 00 - MENCIÓN DE TÍTULO
Título Desarrollo del pensamiento crítico reflexivo a través de la enseñanza de la historia en Benguela
Medio [recurso electrónico en línea]
260 ## - PUBLICACIÓN, DISTRIBUCIÓN, ETC.
Lugar de publicación, distribución, etc. España
506 0# - NOTA DE RESTRICCIONES AL ACCESO
Limitaciones de acceso Acceso abierto
520 3# - NOTA DE RESUMEN, ETC.
Sumario, etc. El pensamiento crítico y reflexivo es una característica necesaria para los docentes en el contexto actual. A partir de la observación y la experiencia como docentes en el Instituto Superior de Ciencias de la Educación de Benguela de la Universidad de Katyavala Buíla vemos que la ilustración de la historia en la Licenciatura de Enseñanza de la Historia contribuye poco al desarrollo del pensamiento crítico y reflexivo. Esto es un aspecto muy relevante si tenemos en cuenta la necesidad de formar a buenos docentes críticos y reflexivos que sean capaces de promover un pensamiento crítico en sus estudiantes de manera que cuestionen los diferentes contextos sociales. El estudio que aquí presentamos consistió en analizar el pensamiento crítico-reflexivo a través de la enseñanza de la historia. Para ello se utilizó la observación no participante y un cuestionario. La información recogida mostró que los encuestados señalan una baja contribución de la enseñanza de la historia al desarrollo del pensamiento crítico y reflexivo. De este modo, se necesitan adapotar nuevas estrategias metodológicas con el fin de promover habilidades tales como: el análisis, la crítica, la reflexión, el razonamiento y la comprensión de los problemas en un entorno histórico.
650 #4 - ASIENTO SECUNDARIO DE MATERIA - TERMINO TEMATICO
Término de materia o nombre geográfico como elemento de entrada Pensamiento crítico
9 (RLIN) 5620
650 #4 - ASIENTO SECUNDARIO DE MATERIA - TERMINO TEMATICO
Término de materia o nombre geográfico como elemento de entrada Educación superior
9 (RLIN) 32
653 0# - TERMINO DE INDIZACION - NO CONTROLADO
Término no controlado Pensamiento reflexivo
653 0# - TERMINO DE INDIZACION - NO CONTROLADO
Término no controlado Formación docente
653 0# - TERMINO DE INDIZACION - NO CONTROLADO
Término no controlado Enseñanza de la historia
773 ## - ENLACE AL DOCUMENTO FUENTE/ENTRADA DE REGISTRO ANFITRIÓN
Parte(s) relacionada(s) Vol. 4, no. 1 (2018), p. 88-94
Título Innoeduca. International journal of technology and educational innovation
Número Internacional Normalizado para Publicaciones Seriadas 2444-2925
856 4# - LOCALIZACIÓN Y ACCESO ELECTRÓNICOS
Identificador Uniforme del Recurso <a href="http://www.revistas.uma.es/index.php/innoeduca/article/view/2523/4549">http://www.revistas.uma.es/index.php/innoeduca/article/view/2523/4549</a>
856 4# - LOCALIZACIÓN Y ACCESO ELECTRÓNICOS
Identificador Uniforme del Recurso <a href="http://dx.doi.org/10.24310/innoeduca.2018.v4i1.2523">http://dx.doi.org/10.24310/innoeduca.2018.v4i1.2523</a>
902 ## - ELEMENTOS DE DATOS B LOCAL, LDB (RLIN)
Creó Gloria jiménez
905 ## - TIPO DE MATERIAL
Tipo de material Articulo
942 ## - ELEMENTOS DE PUNTO DE ACCESO ADICIONAL (KOHA)
Tipo de ítem Koha Artículo Electrónico
Holdings
Estado de retiro Estado de pérdida Estado dañado No para préstamo Código de colección Localización permanente Ubicación/localización actual Ubicación en estantería Fecha de adquisición Total de préstamos Fecha visto por última vez Identificador Uniforme del Recurso Precio válido a partir de Tipo de ítem Koha
        Acceso abierto Bib. Gregorio Torres Quintero Bib. Gregorio Torres Quintero En línea 30/08/2023   30/08/2023 https://revistas.uma.es/index.php/innoeduca/article/view/2523/4549 30/08/2023 Artículo Electrónico